00703cam a2200217 a 450000100060000000300080000600500170001400800410003103500190007204000320009104100080012308200260013110000250015724501150018226000370029730000190033449000290035350500150038265000280039765000600042577620BD-RjUL20211209083013.0201209r19671897nyu 000 0 eng  a(BD-RjUL)77846 aDLCcSJDdDAYbengeBD-RjUL aeng a822.208219bMAS 1967 aManly, John Matthews00aSpecimens of the pre-Shaksperean drama : with an introduction, notes, and Glossary /c by John Matthews Manly. aNew York,bGinn and co. ,c1967. a2 v. ;c22 cm. aatbenaeum press series ; aVol. 1.--- 0aEnglish dramayTo 1500. 0aEnglish dramayEarly modern and Elizabethan, 1500-1600.